[Event "SVR-ch MAT-I 37th"]
[Site "Heimbach Weis"]
[Date "2014.04.18"]
[Round "8"]
[White "Ley, Sabrina"]
[Black "Maerz, Maximilian"]
[Result "1/2-1/2"]
[WhiteElo "1510"]
[BlackElo "1886"]
[PlyCount "40"]
[EventDate "2014.04.11"]
[EventType "tourn"]
[EventRounds "9"]
[EventCountry "GER"]
[SourceTitle "CBM 160 Extra"]
[Source "ChessBase"]
[SourceDate "2014.07.01"]
[SourceVersion "1"]
[SourceVersionDate "2014.07.01"]
[SourceQuality "1"]

1. e4 c5 2. Nf3 Nc6 3. d4 cxd4 4. Nxd4 Nf6 5. Nc3 e5 6. Ndb5 d6 7. Bg5 a6 8. Na3 b5 9. Nd5 Be7 10. Bxf6 Bxf6 11. c3 Bg5 12. Nc2 0-0 13. a4 bxa4 14. Rxa4 a5 15. Bc4 Rb8 16. b3 Kh8 17. Nce3 Be6 18. h4 Bh6 19. g4 Bf4 20. Qf3 Bxe3 1/2-1/2

[Event "SVR-ch MAT-I 37th"]
[Site "Heimbach Weis"]
[Date "2014.04.12"]
[Round "2"]
[White "Luetz, Jannik"]
[Black "Maerz, Maximilian"]
[Result "1-0"]
[WhiteElo "1747"]
[BlackElo "1886"]
[PlyCount "59"]
[EventDate "2014.04.11"]
[EventType "tourn"]
[EventRounds "9"]
[EventCountry "GER"]
[SourceTitle "CBM 160 Extra"]
[Source "ChessBase"]
[SourceDate "2014.07.01"]
[SourceVersion "1"]
[SourceVersionDate "2014.07.01"]
[SourceQuality "1"]

1. e4 c5 2. Nf3 Nc6 3. d4 cxd4 4. Nxd4 Nf6 5. Nc3 e5 6. Ndb5 d6 7. Bg5 a6 8. Na3 b5 9. Nd5 Be7 10. Bxf6 Bxf6 11. c3 0-0 12. Nxf6+ Qxf6 13. g3 Rb8 14. Nc2 Rd8 15. Bg2 Be6 16. 0-0 b4 17. cxb4 Nxb4 18. Nxb4 Rxb4 19. b3 d5 20. exd5 Rd4 21. Qe2 Bxd5 22. Rfd1 g6 23. Rac1 h5 24. Rxd4 exd4 25. Bxd5 Rxd5 26. Qe8+ Kg7 27. Rc8 Kh6 28. Rc6 Rd6 29. Qf8+ Kh7 30. Rxd6 1-0

[Event "SVR-ch MAT-I 37th"]
[Site "Heimbach Weis"]
[Date "2014.04.11"]
[Round "1"]
[White "Maerz, Maximilian"]
[Black "Schneider, Andrej"]
[Result "1-0"]
[WhiteElo "1886"]
[BlackElo "1832"]
[PlyCount "109"]
[EventDate "2014.04.11"]
[EventType "tourn"]
[EventRounds "9"]
[EventCountry "GER"]
[SourceTitle "CBM 160 Extra"]
[Source "ChessBase"]
[SourceDate "2014.07.01"]
[SourceVersion "1"]
[SourceVersionDate "2014.07.01"]
[SourceQuality "1"]

1. d4 d5 2. c4 dxc4 3. e4 e5 4. d5 Nf6 5. Nc3 c6 6. Bxc4 Bb4 7. Qe2 0-0 8. Bg5 h6 9. Bxf6 Qxf6 10. Qf3 Qg6 11. h3 b5 12. Bb3 Bb7 13. Nge2 cxd5 14. Bxd5 Nc6 15. 0-0 a6 16. a4 bxa4 17. Nxa4 a5 18. Nb6 Rad8 19. Rfd1 Rd6 20. Nc4 Rf6 21. Qg3 Qxg3 22. Nxg3 Bc5 23. Rf1 Ba6 24. Rac1 Nb4 25. Nh5 Nxd5 26. exd5 Rf5 27. g4 Rg5 28. Rfe1 Bd4 29. Nxa5 f5 30. Nc6 fxg4 31. Nxd4 gxh3+ 32. Ng3 exd4 33. Rc7 h5 34. Kh2 Rxf2+ 35. Kxh3 Rf3 36. Rg1 Rxd5 37. Ra7 Bc8+ 38. Kg2 Bg4 39. Ne4 Rb5 40. Ra8+ Kh7 41. b4 Rxb4 42. Ng5+ Kh6 43. Nxf3 Rb2+ 44. Kg3 Rb3 45. Rf8 Re3 46. Kf2 Rd3 47. Re1 g6 48. Re7 Bxf3 49. Rxf3 Rd2+ 50. Kg3 Rd1 51. Rd7 Rg1+ 52. Kf2 Rg4 53. Rd3 Rf4+ 54. Kg3 Kg5 55. Rd5+ 1-0

[Event "SVR-op 33rd"]
[Site "Mendig"]
[Date "2010.04.01"]
[Round "5"]
[White "Harig, Alexander"]
[Black "Maerz, Maximilian"]
[Result "1-0"]
[WhiteElo "1998"]
[BlackElo "1733"]
[PlyCount "51"]
[EventDate "2010.03.27"]
[EventType "swiss"]
[EventRounds "7"]
[EventCountry "GER"]
[SourceTitle "EXT 2011"]
[Source "ChessBase"]
[SourceDate "2010.11.26"]
[SourceVersion "1"]
[SourceVersionDate "2010.11.26"]
[SourceQuality "1"]

1. c4 c6 2. g3 Nf6 3. Bg2 d5 4. d4 e6 5. Nc3 Bd6 6. Nf3 0-0 7. cxd5 exd5 8. 0-0 Re8 9. Qc2 Bg4 10. h3 Bh5 11. Bg5 Bg6 12. Qb3 Qb6 13. Qxb6 axb6 14. Bxf6 gxf6 15. a3 f5 16. e3 Nd7 17. Nh4 f6 18. Bf3 Nf8 19. Be2 Kf7 20. Bd3 Ke6 21. f4 Re7 22. Kf2 Rae8 23. Rfe1 h5 24. g4 hxg4 25. hxg4 Kd7 26. Nxg6 1-0

[Event "SVR-op 30th"]
[Site "Nickenich"]
[Date "2007.04.01"]
[Round "3"]
[White "Konstantinovskij, Dimitrij"]
[Black "Maerz, Maximilian"]
[Result "1-0"]
[WhiteElo "1620"]
[BlackElo "1449"]
[PlyCount "93"]
[EventDate "2007.03.31"]
[EventType "swiss"]
[EventRounds "7"]
[EventCountry "GER"]
[SourceTitle "EXT 2009"]
[Source "ChessBase"]
[SourceDate "2008.11.26"]
[SourceVersion "1"]
[SourceVersionDate "2008.11.26"]
[SourceQuality "1"]

1. e4 e6 2. Nf3 d5 3. exd5 exd5 4. d4 Nf6 5. Bd3 Be7 6. Nbd2 Bg4 7. 0-0 Nbd7 8. c3 c6 9. Qc2 0-0 10. Ne5 Be6 11. f4 Nb6 12. Ndf3 h6 13. h3 c5 14. Kh1 c4 15. Be2 Ne4 16. Kh2 Bf5 17. g4 Bh7 18. f5 Bd6 19. Kg2 Re8 20. b3 f6 21. Ng6 Bxg6 22. fxg6 Nxc3 23. Bxc4 Nxc4 24. Qxc3 Re2+ 25. Rf2 Rxf2+ 26. Kxf2 Nb6 27. Bd2 Rc8 28. Qd3 Rc6 29. Re1 Qb8 30. Kf1 Qc8 31. Qe2 Kf8 32. a4 Rc2 33. a5 Na8 34. Qe3 b6 35. Qd3 Bg3 36. Re2 Bd6 37. Nh4 bxa5 38. Bf4 Rc6 39. Bxd6+ Rxd6 40. Nf5 Rd7 41. Qe3 Nc7 42. Qc3 Qa6 43. Qc5+ Kg8 44. Ne7+ Kh8 45. Nxd5 Ne6 46. Qc4 Qd6 47. Rxe6 1-0